| 000 | 00822nam a2200253 a 4500 | ||
|---|---|---|---|
| 001 | BRCA_3958 | ||
| 005 | 20190320204506.0 | ||
| 008 | 130110s1961----gw-a######---#000-0#ger-# | ||
| 041 | _ager | ||
| 044 | _agw | ||
| 050 | 4 |
_aNB175 _b.R65 1961 |
|
| 245 | 1 | 0 |
_aRomanische Plastik in Europa _chrsg. von Harald Busch and Bernd Lohse ; Einleitung und Bilderlauterungen von Hans Weigert. |
| 260 |
_aFrankfurt, Alemania _bUmschav _c1961 |
||
| 300 |
_axxxv p. _bil., 181 láminas _c27 cm. |
||
| 440 | 0 |
_aMonumente des Abendlandes _veine Buchreihe _910291 |
|
| 500 | _aCDE22 | ||
| 650 | 1 | 4 |
_aEscultura romanica _910292 |
| 650 | 1 | 4 |
_aEscultura europea _910293 |
| 700 | 1 |
_aBusch, Harald Walter Robert _eEditor _910294 |
|
| 700 | 1 |
_aWeigert, Hans _910295 |
|
| 700 | 1 |
_aLohse, Bernd _eEditor _910296 |
|
| 902 | _aGFM | ||
| 942 |
_2lcc _cB |
||
| 999 |
_c3685 _d3685 |
||